Представление документа в формате MARC21

Поле Инд. ПП Название Значение
Тип записи a
Библиографический уровень m
001 Контрольный номер dc17dfb4-cb7d-4005-9990-4da95d895426
005 Дата корректировки 20140225173421.5
008 Кодируемые данные 060607s1984 rur a 000u 0rus d
020 c Цена, тираж 15 к.
040 a Служба первич. каталог. RuMoRKP
a Служба первич. каталог. НБ ТвГУ
041 00 a Код языка текста rus
080 00 a Индекс УДК 517.518.1(075.8)
084 a Индекс другой классификации/Индекс ББК В161.12я73-1
090 a Полочн. индекс В161.12я73
x Авторский знак И 20
100 _0 a Автор Иванов Леонид Дмитриевич
q Полное имя Иванов Л. Д.
245 10 a Заглавие Интегрирование в многомерном пространстве
b Продолж. заглавия учебное пособие
c Ответственность М-во высш. и сред. спец. образования РСФСР, Калинин. гос. ун-т
260 a Место издания Калинин
b Издательство Калининский государственный университет
c Дата издания 1984
300 a Объем 82, [2] с.
c Размеры 20 см
650 a Основная рубрика Интегральное исчисление
650 a Основная рубрика Пространство [мат.] многомерное
653 a Ключевые слова Интегральное исчисление
a Ключевые слова Пространство (мат.) многомерное
a Ключевые слова Учебники для вузов
920 a Оператор Шалы
930 a Новая/Ретро учебники
954 a Дата поступления на обработку 20101025